000 00630nam a22002412a 4500
999 _c8241
_d8241
001 8241
003 UkOxU
005 20181120100357.0
008 500101s1966 enka j 000 1 eng d
035 _aOCLC ocm09166619 from D950316M
040 _aTNN
_cTNN
_dEQO
041 _aeng
082 _a823.914
_bNIC 1966
100 _aNickless, Will
245 0 2 _aA boys' treasury of sea stories /
_cWill Nickless
260 _aLondon ;
_aNew York :
_bHamlyn,
_cc1966
300 _a356 p. :
_bill. ;
_c22 cm
650 _asea Stories English
700 1 _aNickless, Will.
740 0 _aSea stories
942 _2ddc
_cBK